The border and the buffalo : an untold story of the southwest plains... a story of mountain and plain /

Bibliographic Details
Main Author: Cook, John R., 1844-1917
Format: Book
Language:English
Published: Topeka, Kan. : Crane, 1907.
Subjects:

MARC

Tag First Indicator Second Indicator Subfields
LEADER 00000cam a2200000 a 4500
001 in00000755613
005 20151016163904.0
008 760209s1907 ksu 00010 eng d
035 |a (OCoLC)01978351 
035 |9 ADJ5130AM 
040 |a UDH  |c UDH  |d TXA  |d UtOrBLW 
049 |a TXAS  |c [A09884123] 
050 4 |a F596  |b .C745 1907 
100 1 |a Cook, John R.,  |d 1844-1917. 
245 1 4 |a The border and the buffalo :  |b an untold story of the southwest plains... a story of mountain and plain /  |c John R. Cook. 
264 1 |a Topeka, Kan. :  |b Crane,  |c 1907. 
300 |a xii, 351 pages, 1 unnumbered page :  |b illustrations ;  |c 23 cm. 
336 |a text  |b txt  |2 rdacontent 
337 |a unmediated  |b n  |2 rdamedia 
338 |a volume  |b nc  |2 rdacarrier 
500 |a Cushing Library/Kelsey Americana Coll. one copy includes bound "Address. To the Hunters After the Ninety Days' Scout. By Vox Buffalorem" a two page excerpt from "Dodge City Times, Sept. 29, 1877" in back cover. 
651 0 |a Great Plains. 
651 0 |a Llano Estacado. 
999 |a MARS 
999 f f |s 742017dc-ecd7-3017-a9dd-ef76af9c63a3  |i 8f645a2b-0b07-34d3-8ab0-956adee914ce  |t 0 
952 f f |p noncirc  |a Texas A&M University  |b College Station  |c Cushing Memorial Library & Archives  |d Cushing: Kelsey Americana (Does not check out)  |t 0  |e F596 .C745 1907  |h Library of Congress classification  |i unmediated -- volume 
952 f f |p noncirc  |a Texas A&M University  |b College Station  |c Cushing Memorial Library & Archives  |d Cushing: Dykes (Does not check out)  |t 0  |e F596 .C745 1907  |h Library of Congress classification  |i unmediated -- volume  |m A14851718024 
952 f f |p noncirc  |a Texas A&M University  |b College Station  |c Cushing Memorial Library & Archives  |d Cushing: Kelsey Americana (Does not check out)  |t 0  |e F596 .C745 1907  |h Library of Congress classification  |i unmediated -- volume 
952 f f |p noncirc  |a Texas A&M University  |b College Station  |c Cushing Memorial Library & Archives  |d Cushing: Kelsey Americana (Does not check out)  |t 0  |e F596 .C745 1907  |h Library of Congress classification  |i unmediated -- volume 
998 f f |a F596 .C745 1907  |t 0  |l Cushing: Kelsey Americana (Does not check out) 
998 f f |a F596 .C745 1907  |t 0  |l Cushing: Kelsey Americana (Does not check out) 
998 f f |a F596 .C745 1907  |t 0  |l Cushing: Kelsey Americana (Does not check out) 
998 f f |a F596 .C745 1907  |t 0  |l Cushing: Dykes (Does not check out)